The character of physical law

The book draws out the themes common to Law of Gravitation and the great unfolding discoveries of Newton, Maxwell and Einstein. It examines mathematics as the language of nature, the underlying principles of conservation and symmetry, the starting fact that time never goes backwards, and the probabi...

Täydet tiedot

Tallennettuna:
Bibliografiset tiedot
Päätekijä: Richard P Feynman
Aineistotyyppi: Kirja
Kieli:Undetermined
Julkaistu: London Penguin Books 1992
Aiheet:
Tagit: Lisää tagi
Ei tageja, Lisää ensimmäinen tagi!
Thư viện lưu trữ: Trung tâm Học liệu Trường Đại học Cần Thơ
LEADER 00862nam a2200205Ia 4500
001 CTU_22857
008 210402s9999 xx 000 0 und d
020 |b 32.5df 
082 |a 530 
082 |b F435 
100 |a Richard P Feynman 
245 4 |a The character of physical law 
245 0 |c Richard P Feynman 
260 |a London 
260 |b Penguin Books 
260 |c 1992 
520 |a The book draws out the themes common to Law of Gravitation and the great unfolding discoveries of Newton, Maxwell and Einstein. It examines mathematics as the language of nature, the underlying principles of conservation and symmetry, the starting fact that time never goes backwards, and the probabilities and uncertainties introduced by quantum mechanics 
650 |a physics 
904 |i Minh, 980625 
980 |a Trung tâm Học liệu Trường Đại học Cần Thơ